Metodología de las ciencias sociales
Saved in:
| Hovedforfatter: | |
|---|---|
| Format: | Bog |
| Sprog: | spansk |
| Udgivet: |
Ciudad de México
Harla
1984
|
| Serier: | Colección Textos Universitarios en Ciencias Sociales
|
| Fag: | |
| Tags: |
Tilføj Tag
Ingen Tags, Vær først til at tagge denne postø!
|
MARC
| LEADER | 00000nam a2200000 a 4500 | ||
|---|---|---|---|
| 001 | UCP1506 | ||
| 003 | CL-VaPUC | ||
| 008 | 990416e19840000MX |||||||||||||||||spa|d | ||
| 082 | 0 | 4 | |a 300.1 |b GUT |2 21 |
| 100 | 0 | |a Gutiérrez Pantoja, Gabriel |e author |9 427570 | |
| 245 | 1 | 0 | |a Metodología de las ciencias sociales |
| 300 | |a 2 v | ||
| 942 | |c BK | ||
| 945 | |d 19990416 00:00:00 |a rbrito | ||
| 260 | |a Ciudad de México |b Harla |c 1984 | ||
| 650 | 0 | |a Ciencias sociales |9 256351 | |
| 650 | 0 | |a Ontología |9 256850 | |
| 650 | 0 | |a Lógica |9 256849 | |
| 650 | 0 | |a Idealismo |9 265685 | |
| 650 | 0 | |a Estructuralismo |9 265696 | |
| 650 | 0 | |a Materialismo |9 265687 | |
| 650 | 0 | |a Sociología |9 255410 | |
| 650 | 0 | |a Hermenéutica |9 269473 | |
| 650 | 0 | |a Racionalismo |9 259116 | |
| 583 | |a last modification |c 19990416 00:00:00 |k Rodrigo Vera | ||
| 490 | 0 | |a Colección Textos Universitarios en Ciencias Sociales | |
| 999 | |c 280176 |d 280174 | ||
| 952 | |0 0 |1 0 |2 ddc |4 0 |6 300_100000000000000_GUT_1984 |7 0 |8 A |9 320364 |a BIBCUR |b BIBCUR |c PAC |d 2019-11-20 |h v.1 |i 3511146 |o 300.1 GUT 1984 |p 3511146 |r 2025-04-22 |w 2019-11-20 |y BK |k PER | ||
| 952 | |0 0 |1 0 |4 0 |6 300_100000000000000_GUT_1984 |7 0 |8 A |9 320365 |a BIBCUR |b BIBCUR |d 2019-11-20 |h v.2 |i 3511154 |o 300.1 GUT 1984 |p 3511154 |r 2025-04-22 |w 2019-11-20 |y BK |k PER | ||